000 00481nam a2200181Ia 4500
008 230524s9999 xx 000 0 und d
020 _a978019569840
082 _a174.95
_bSEE
100 _aEdmund G.Seebauer
_942334
245 0 _aFundamentals of Ethics: For Science and Engineering
250 _a1
260 _aNew Delhi
_bOxford
_c2014
300 _a"XVI,270p;"
500 _aQuantity Number: 2
650 _aManagement
700 _aRobert L. Barry
_942335
942 _cBK
999 _c57973
_d57973